Desafíos y oportunidades en la gestión de la universidad pública : propuesta de mejora en el marco de la Ley n° 30220 (Registro nro. 22032)

Detalles MARC
000 -Cabecera
Campo de control interno 00978nam a2200265Ia 4500
005 - Fecha y hora del registro
control field 20260320113336.0
008 - Elementos de Longitud Fija
fixed length control field 260320s9999||||xx |||||||||||||| ||und||
020 ## - ISBN
ISBN 9786125136770
041 ## - Idioma
Codigo Idioma ESP
082 ## - DEWEY y NOTACIÓN INTERNA
Dewey 378.985
Notación Interna S24
100 ## - AUTOR
Autor denominación Sánchez Sánchez, Rohel,
Término de relación autor
245 #0 - TÍTULO DE MATERIAL BIBLIOGRÁFICO
Título Desafíos y oportunidades en la gestión de la universidad pública : propuesta de mejora en el marco de la Ley n° 30220
Título paralelo
246 ## - TÍTULO TRADUCIDO
Título
Título paralelo
Autor
250 ## - EDICIÓN
Edición Primera edición
260 ## - CIUDAD, EDITORIAL, AÑO
Ciudad Arequipa :
Nombre de la Editorial Editorial UNSA,
Año 2025
300 ## - DESCRIPCIÓN
N° Páginas xiv, 230 páginas :
Otros detalles cuadros ;
Dimensiones 23 cm.
Material Adicional
440 ## - MENCIÓN DE SERIE
Título de la Serie
Número de Serie
Volumen de Serie
650 ## - TEMAS
Temas Ciencias Sociales
653 ## - DESCRIPTORES
Lenguajes no controlado Universidad superior; Universidad pública - Arequipa (Perú); Universidad Nacional de San Agustín de Arequipa (Perú)
654 ## - PROGRAMAS
Programa Dpto. de Educación
700 ## - OTROS AUTORES
Otros autores
Títulos y otras palabras asociadas con el nombre
856 ## - URL - UBICACIÓN
URI/URL: Enlace exacto del recurso <a href="https://0u20fnxwu-y-https-research-ebsco-com.itmsp.museknowledge.com/c/qxo6us/search">https://0u20fnxwu-y-https-research-ebsco-com.itmsp.museknowledge.com/c/qxo6us/search</a>
Nota pública: Versión digital <a href="Véase además: Base de datos EBSCOhost">Véase además: Base de datos EBSCOhost</a>
942 ## - ELEMENTOS DE KOHA
Tipo de documento Libro
Nombre del creador Justo Noguera
Código de catalogador Margarita Torres
Esquema de clasificación Dewey Decimal Classification
Suppress in OPAC
Existencias
Codigo completo Registro Colección Copia número Disponibilidad Tipo de préstamo Biblioteca Actual Procedencia (Biblioteca) Ubicacón Fecha Ingreso Tipo de Adquisición Observación Date last seen Total checkouts Price effective from Tipo de Item Estado del Material Fuente de Clasificación Damaged status Withdrawn status
378.985 S24 1087267 Universidad Católica San Pablo 1 Disponible Disponible Víctor Andrés Belaunde Víctor Andrés Belaunde Planta baja abierta 10/03/2026 Donación Rectorado UCSP 20/03/2026   20/03/2026 Libro Bueno Dewey Decimal Classification